| 000 | 00486nam a2200169Ia 4500 | ||
|---|---|---|---|
| 999 |
_c1245 _d1245 |
||
| 003 | OSt | ||
| 005 | 20210121115139.0 | ||
| 008 | 190216s9999||||xx |||||||||||||| ||und|| | ||
| 040 | _coclc | ||
| 082 |
_a575 _bDOD/E |
||
| 100 |
_aDodson, Edward O _98333 |
||
| 245 | 0 |
_aEvolution Process And Product / _cEdward O Dodson |
|
| 260 |
_bAffiliated East West Press, _c1960. _aNew Delhi: |
||
| 300 | _a352p | ||
| 650 | _aBotany | ||
| 942 |
_cBK _2ddc _h575 _iDOD/E _k575 _mDOD/E |
||